| 000 | 00417nam a2200109Ia 4500 | ||
|---|---|---|---|
| 008 | 160909s9999 xx 000 0 und d | ||
| 100 | _aNajrani, Majed | ||
| 245 | 4 | _aThe effect of change capability, learning capability and shared leadership on organizational agility | |
| 260 |
_bPepperdine University _c2016 |
||
| 650 | _aHUMAN RESOURCE MANAGEMENT | ||
| 856 | _uhttp://pqdtopen.proquest.com/doc/1807413488.html?FMT=ABS | ||
| 999 |
_c304695 _d304695 |
||